[Event "Seville op 47th"]
[Site "Seville"]
[Date "2022.07.20"]
[Round "6"]
[White "Cuellar Montes, Alejandro"]
[Black "Carruana Fuentes, Rafael"]
[Result "1-0"]
[WhiteElo "2125"]
[BlackElo "1878"]
[PlyCount "57"]
[EventDate "2022.07.16"]
[EventType "swiss"]
[EventRounds "9"]
[EventCountry "ESP"]
[SourceTitle "CBM 209 Extra"]
[Source "ChessBase"]
[SourceDate "2022.09.30"]
[SourceVersion "1"]
[SourceVersionDate "2022.09.30"]
[SourceQuality "1"]

1. e4 e5 2. d4 exd4 3. Qxd4 Nc6 4. Qc4 Nf6 5. Nc3 Be7 6. Bf4 d6 7. 0-0-0 Be6 8. Qe2 Qc8 9. f3 a6 10. g4 Ne5 11. Qf2 b5 12. Nd5 Bxd5 13. exd5 0-0 14. h4 Nxd5 15. Rxd5 Qe6 16. c4 bxc4 17. Rd1 a5 18. Qc2 c3 19. Qxc3 Rfb8 20. Bxe5 dxe5 21. Bc4 Qb6 22. Rd7 Bf8 23. Rxf7 Kh8 24. Ne2 Qf2 25. h5 Ra7 26. h6 Rab7 27. hxg7+ Bxg7 28. Rxg7 Kxg7 29. Qxe5+ 1-0

[Event "Seville op 47th"]
[Site "Seville"]
[Date "2022.07.17"]
[Round "3"]
[White "Carruana Fuentes, Rafael"]
[Black "Espinosa Aranda, Angel"]
[Result "0-1"]
[WhiteElo "1878"]
[BlackElo "2439"]
[PlyCount "86"]
[EventDate "2022.07.16"]
[EventType "swiss"]
[EventRounds "9"]
[EventCountry "ESP"]
[SourceTitle "CBM 209 Extra"]
[Source "ChessBase"]
[SourceDate "2022.09.30"]
[SourceVersion "1"]
[SourceVersionDate "2022.09.30"]
[SourceQuality "1"]

1. d4 e6 2. c4 Bb4+ 3. Bd2 a5 4. Nc3 d6 5. a3 Bxc3 6. Bxc3 Qe7 7. g3 e5 8. dxe5 dxe5 9. Nf3 Nc6 10. Bg2 Nf6 11. 0-0 a4 12. e3 0-0 13. Qe2 Bf5 14. Rfd1 h6 15. Rac1 Rfe8 16. h3 Be4 17. Nd2 Bxg2 18. Kxg2 e4 19. c5 Ne5 20. Bd4 c6 21. Nc4 Nxc4 22. Rxc4 Nd5 23. Qc2 Qe6 24. Rxa4 Rxa4 25. Qxa4 Qf5 26. Qc2 Qf3+ 27. Kh2 Re6 28. Re1 Rg6 29. Qe2 Qf5 30. Rd1 Nc7 31. h4 h5 32. Kg2 Nd5 33. b4 Rg4 34. Rh1 Ne7 35. f3 exf3+ 36. Qxf3 Qc2+ 37. Qf2 Qg6 38. Kh2 Nf5 39. Rg1 Nh6 40. Qf3 Re4 41. Rf1 Qe6 42. Kg2 Ng4 43. Qf5 Rxd4 0-1

[Event "Laujar de Andarax op 1st"]
[Site "Laujar de Andarax"]
[Date "2021.10.10"]
[Round "5"]
[White "Garcia Bellido, Alvaro"]
[Black "Carruana Fuentes, Rafael"]
[Result "1/2-1/2"]
[WhiteElo "1638"]
[BlackElo "1877"]
[PlyCount "178"]
[EventDate "2021.10.08"]
[EventType "swiss"]
[EventRounds "7"]
[EventCountry "ESP"]
[SourceTitle "EXT 2023"]
[Source "ChessBase"]
[SourceDate "2022.10.05"]
[SourceVersion "1"]
[SourceVersionDate "2022.10.05"]
[SourceQuality "1"]

1. e4 c5 2. c3 Nf6 3. e5 Nd5 4. d4 cxd4 5. cxd4 d6 6. Bb5+ Nc6 7. Bxc6+ bxc6 8. Ne2 g6 9. Nf4 Bg7 10. Nxd5 cxd5 11. Bf4 dxe5 12. dxe5 0-0 13. 0-0 e6 14. Nd2 Ba6 15. Re1 Qb6 16. b3 Rac8 17. Nf3 Rc7 18. Qd2 Rfc8 19. Rac1 Bb5 20. h4 h5 21. Be3 Qb7 22. Qa5 a6 23. Rxc7 Rxc7 24. Rc1 Rxc1+ 25. Bxc1 Qc8 26. Bf4 f6 27. Kh2 Qb8 28. Qe1 Bd7 29. g3 Qb6 30. Be3 Qc7 31. Bd4 f5 32. Ng5 Bf8 33. Qe2 Qc6 34. a4 Bb4 35. Qe3 Be7 36. Nf3 Kg7 37. Bb2 Qc5 38. Nd4 Kh7 39. Bc1 Bf8 40. Qf4 Qc3 41. Be3 Qc8 42. Nf3 Bg7 43. Qb4 Bf8 44. Ng5+ Kg8 45. Qf4 Bh6 46. Qb4 Bf8 47. Qf4 Qd8 48. Qd4 Qc7 49. Nf3 Kh7 50. Qf4 Qd8 51. Ng5+ Kg8 52. Qd4 Qb8 53. Qc3 Bb4 54. Qd3 Qc8 55. Qd4 Qb7 56. Qf4 Bf8 57. Nf3 Qc8 58. Qg5 Qe8 59. Nd4 Kh7 60. Qf4 Bg7 61. Qg5 Bxe5 62. Qh6+ Kg8 63. Nf3 Bg7 64. Qf4 e5 65. Qb4 d4 66. Bd2 Bf6 67. Qb6 Qe6 68. Qb8+ Kh7 69. Qf8 Be7 70. Ng5+ Bxg5 71. Bxg5 Qe8 72. Qh6+ Kg8 73. Bf6 Kf7 74. Qg7+ Ke6 75. Bxe5 Qf7 76. Qxf7+ Kxf7 77. Bxd4 Be6 78. b4 Bb3 79. b5 axb5 80. axb5 Bd5 81. Kg1 Ke6 82. b6 f4 83. Kf1 fxg3 84. fxg3 Kd6 85. Ke2 Kc6 86. Ke3 Be6 87. Kf4 Bf5 88. Ke5 Bb1 89. Ke6 Kb7 1/2-1/2

[Event "Benidorm op U2000 18th"]
[Site "Benidorm"]
[Date "2019.12.06"]
[Round "9"]
[White "Carruana Fuentes, Rafael"]
[Black "Malek, Yuriy"]
[Result "1-0"]
[WhiteElo "1855"]
[BlackElo "1930"]
[PlyCount "95"]
[EventDate "2019.11.29"]
[EventType "swiss"]
[EventRounds "10"]
[EventCountry "ESP"]
[SourceTitle "EXT 2022"]
[Source "ChessBase"]
[SourceDate "2021.10.06"]
[SourceVersion "1"]
[SourceVersionDate "2021.10.06"]
[SourceQuality "1"]

1. d4 d5 2. c4 e6 3. Nc3 Nf6 4. Nf3 c6 5. e3 Nbd7 6. Qc2 Bd6 7. Bd3 dxc4 8. Bxc4 b5 9. Bd3 Bb7 10. 0-0 a6 11. e4 e5 12. h3 0-0 13. Be3 Rc8 14. dxe5 Nxe5 15. Nxe5 Bxe5 16. Rad1 Qe7 17. f4 Bxc3 18. bxc3 h6 19. c4 c5 20. e5 bxc4 21. Bxc4 Rfd8 22. Rde1 Nd5 23. Bc1 Nb4 24. Qe2 Rd4 25. Be3 Re4 26. a3 Rxe3 27. Qxe3 Nc2 28. Qe2 Nxe1 29. Rxe1 a5 30. f5 Rd8 31. e6 fxe6 32. fxe6 Bd5 33. Rd1 Bxc4 34. Rxd8+ Qxd8 35. Qxc4 Qe7 36. Qd5 g5 37. Qd7 Kf8 38. Qc8+ Kg7 39. Qa6 Kf6 40. Qxa5 Kxe6 41. Qe1+ Kd6 42. Qxe7+ Kxe7 43. Kf2 Kd6 44. Ke3 Kc6 45. Kd3 Kb5 46. g4 Ka4 47. Kc4 Kxa3 48. Kxc5 1-0

[Event "Pontevedra op 4th"]
[Site "Pontevedra"]
[Date "2016.08.09"]
[Round "2"]
[White "Satyapragyan, Swayangsu"]
[Black "Carruana Fuentes, Rafael"]
[Result "1-0"]
[WhiteElo "2462"]
[BlackElo "1990"]
[PlyCount "75"]
[EventDate "2016.08.08"]
[EventType "swiss"]
[EventRounds "9"]
[EventCountry "ESP"]
[SourceTitle "CBM 173 Extra"]
[Source "ChessBase"]
[SourceDate "2016.08.29"]
[SourceVersion "1"]
[SourceVersionDate "2016.08.29"]
[SourceQuality "1"]

1. e4 g6 2. d4 Bg7 3. Nc3 d6 4. Nf3 Nf6 5. Be2 0-0 6. 0-0 Nbd7 7. e5 Ne8 8. Bf4 Nb6 9. h3 d5 10. Qd2 c6 11. Nd1 Nc7 12. Ne3 Ne6 13. Bg3 c5 14. Rad1 c4 15. Nh2 Ng5 16. Bh4 Ne4 17. Qe1 g5 18. f3 gxh4 19. fxe4 e6 20. Nhg4 Qg5 21. Bf3 dxe4 22. Bxe4 Nd5 23. Bxd5 exd5 24. Nxd5 Bxg4 25. hxg4 Qxg4 26. Rf4 Qd7 27. Qe4 Rad8 28. Ne3 Bh6 29. Rg4+ Kh8 30. Nf5 Qe6 31. Nxh6 Qxh6 32. Rxh4 Qg7 33. Rf1 Rg8 34. Rff4 Rxd4 35. Rxh7+ Qxh7 36. Qxd4 Rg6 37. e6+ f6 38. Rh4 1-0

[Event "Rutas de Cuenca op 2nd"]
[Site "Cuenca"]
[Date "2015.06.20"]
[Round "5"]
[White "Carruana Fuentes, Rafael"]
[Black "Elizondo Marquet, Juan Marcos"]
[Result "1-0"]
[WhiteElo "2015"]
[BlackElo "1809"]
[PlyCount "51"]
[EventDate "2015.06.19"]
[EventType "swiss"]
[EventRounds "7"]
[EventCountry "ESP"]
[SourceTitle "EXT 2019"]
[Source "ChessBase"]
[SourceDate "2018.10.10"]
[SourceVersion "1"]
[SourceVersionDate "2018.10.10"]
[SourceQuality "1"]

1. d4 d5 2. Nf3 Nf6 3. c4 dxc4 4. e3 Bg4 5. Bxc4 e6 6. 0-0 Nbd7 7. Nc3 c5 8. Be2 Be7 9. h3 Bh5 10. d5 exd5 11. Nxd5 0-0 12. Nf4 Bg6 13. Nxg6 hxg6 14. b3 Qb6 15. Bb2 Rfd8 16. Qc2 Nd5 17. a3 Bf6 18. Bc4 Bxb2 19. Qxb2 Qf6 20. Qc2 Ne5 21. Nxe5 Qxe5 22. Rad1 a6 23. a4 Rab8 24. a5 b5 25. axb6 Rxb6 26. e4 1-0

[Event "Rutas de Cuenca op 2nd"]
[Site "Cuenca"]
[Date "2015.06.19"]
[Round "2"]
[White "Calleja Aletta, Jacobo"]
[Black "Carruana Fuentes, Rafael"]
[Result "0-1"]
[WhiteElo "1704"]
[BlackElo "2015"]
[PlyCount "122"]
[EventDate "2015.06.19"]
[EventType "swiss"]
[EventRounds "7"]
[EventCountry "ESP"]
[SourceTitle "EXT 2019"]
[Source "ChessBase"]
[SourceDate "2018.10.10"]
[SourceVersion "1"]
[SourceVersionDate "2018.10.10"]
[SourceQuality "1"]

1. c4 e5 2. Nc3 f5 3. e4 d6 4. Nf3 Nf6 5. Qb3 fxe4 6. Ng5 h6 7. Ngxe4 Be7 8. Nxf6+ Bxf6 9. Be2 0-0 10. c5+ Kh8 11. cxd6 cxd6 12. Bf3 Nc6 13. Ne2 Qe7 14. d3 Be6 15. Bd5 Bxd5 16. Qxd5 Rac8 17. 0-0 Nb4 18. Qb3 Na6 19. Be3 b6 20. Qa3 Nc5 21. Ng3 d5 22. b4 Ne6 23. Nf5 Qd7 24. Rac1 d4 25. Bd2 Nf4 26. Ng3 Bh4 27. Bxf4 exf4 28. Ne4 f3 29. h3 fxg2 30. Kxg2 Rce8 31. Rc2 Qf5 32. f3 Re6 33. b5 Rg6+ 34. Kh2 Qf4+ 35. Kh1 Rf5 36. Qb3 Rf8 37. Qd5 Qe3 38. Qb3 Bf6 39. Qa3 Re8 40. Qb3 Be5 41. Qf7 Rge6 42. Rd2 R6e7 43. Qf5 Kg8 44. f4 Rf8 45. Qh5 Rxf4 46. Rxf4 Qxf4 47. Rf2 Qe3 48. Qf5 Qc1+ 49. Rf1 Qc7 50. Qf8+ Kh7 51. Qf5+ g6 52. Qf8 Bg7 53. Qf3 Qe5 54. Rc1 Qf5 55. Rf1 Qxf3+ 56. Rxf3 g5 57. Kg2 Kg6 58. Kg3 Re5 59. a4 a6 60. bxa6 Ra5 61. Nd6 Be5+ 0-1

[Event "Xabia op 1st"]
[Site "Xabia"]
[Date "2015.04.25"]
[Round "3"]
[White "Sanchez Barbado, Carlos"]
[Black "Carruana Fuentes, Rafael"]
[Result "1/2-1/2"]
[WhiteElo "2120"]
[BlackElo "2026"]
[PlyCount "96"]
[EventDate "2015.04.24"]
[EventType "swiss"]
[EventRounds "7"]
[EventCountry "ESP"]
[SourceTitle "EXT 2019"]
[Source "ChessBase"]
[SourceDate "2018.10.10"]
[SourceVersion "1"]
[SourceVersionDate "2018.10.10"]
[SourceQuality "1"]

1. e4 e5 2. Nf3 Nc6 3. Nc3 Nf6 4. d4 exd4 5. Nxd4 d6 6. Bb5 Bd7 7. 0-0 Be7 8. Re1 0-0 9. h3 Re8 10. Bf4 Bf8 11. Qd2 g6 12. Rad1 Bg7 13. Bxc6 bxc6 14. e5 dxe5 15. Bxe5 Rb8 16. Nb3 Bf5 17. Qxd8 Rbxd8 18. Rxd8 Rxd8 19. Nd4 Rb8 20. Nxf5 gxf5 21. b3 Re8 22. Kf1 Re7 23. Bxf6 Bxf6 24. Rxe7 Bxe7 25. Ke2 Kg7 26. Nd1 Kf6 27. f4 Ke6 28. Ne3 Bc5 29. Nc4 Bd4 30. Kd3 Kd5 31. c3 Bg7 32. Ne3+ Ke6 33. Nc2 Kd5 34. Ne1 c5 35. Nf3 Bf6 36. Nd2 Bh4 37. Nc4 Bg3 38. Ke3 Be1 39. Kd3 Bg3 40. Ne3+ Ke6 41. Kc4 Bxf4 42. Nd1 Bd6 43. Kd3 Ke5 44. Ke3 Be7 45. Nb2 Bg5+ 46. Kf3 Kd5 47. Nc4 Bc1 48. a4 a6 1/2-1/2

[Event "ESP-ch 79th"]
[Site "Linares"]
[Date "2014.09.01"]
[Round "8"]
[White "Carruana Fuentes, Rafael"]
[Black "Mora Menezo, Jesus Manuel"]
[Result "1-0"]
[WhiteElo "2014"]
[BlackElo "2196"]
[PlyCount "81"]
[EventDate "2014.08.25"]
[EventType "swiss"]
[EventRounds "9"]
[EventCountry "ESP"]
[SourceTitle "CBM 162 Extra"]
[Source "ChessBase"]
[SourceDate "2014.10.17"]
[SourceVersion "1"]
[SourceVersionDate "2014.10.17"]
[SourceQuality "1"]

1. e4 c5 2. Nf3 d6 3. d4 cxd4 4. Nxd4 Nf6 5. Nc3 g6 6. Be3 Bg7 7. f3 0-0 8. Qd2 Nc6 9. 0-0-0 Nxd4 10. Bxd4 Be6 11. Kb1 b5 12. Bxb5 Rb8 13. a4 Qc7 14. Nd5 Qb7 15. Nxf6+ exf6 16. Qa5 a6 17. Qxa6 Qc7 18. Qc6 Qe7 19. Bb6 Rfc8 20. Qxd6 Qxd6 21. Rxd6 Bf8 22. Rxe6 fxe6 23. Bd7 Rxc2 24. Bxe6+ Kg7 25. Kxc2 Rxb6 26. Bd5 Bb4 27. Rd1 h5 28. Rd3 Ra6 29. b3 h4 30. h3 Kh6 31. Bc4 Ra7 32. Rd5 Be1 33. Kd1 Bg3 34. Ke2 Be5 35. Ke3 g5 36. a5 Bc7 37. a6 Bb6+ 38. Kd3 Kg6 39. b4 Kg7 40. b5 Bc7 41. Rd7+ 1-0

[Event "ESP-ch 79th"]
[Site "Linares"]
[Date "2014.08.27"]
[Round "3"]
[White "Sanchez Barbado, Carlos"]
[Black "Carruana Fuentes, Rafael"]
[Result "1-0"]
[WhiteElo "2249"]
[BlackElo "2014"]
[PlyCount "83"]
[EventDate "2014.08.25"]
[EventType "swiss"]
[EventRounds "9"]
[EventCountry "ESP"]
[SourceTitle "CBM 162 Extra"]
[Source "ChessBase"]
[SourceDate "2014.10.17"]
[SourceVersion "1"]
[SourceVersionDate "2014.10.17"]
[SourceQuality "1"]

1. e4 e6 2. d4 d5 3. Nd2 Be7 4. Ngf3 Nf6 5. e5 Nfd7 6. Bd3 c5 7. c3 Nc6 8. 0-0 g5 9. dxc5 g4 10. Nd4 Ndxe5 11. Bb5 Bd7 12. N2b3 h5 13. Re1 Nxd4 14. Bxd7+ Qxd7 15. Qxd4 Ng6 16. c4 0-0-0 17. cxd5 Qxd5 18. Be3 Nh4 19. Qxd5 Rxd5 20. c6 b6 21. a4 Nf5 22. a5 Nxe3 23. axb6 axb6 24. Ra8+ Kc7 25. Rxh8 Nc4 26. Rh7 Kxc6 27. Rxf7 Kd6 28. Rh7 Bf6 29. Rh6 Ke7 30. g3 Nxb2 31. Ra1 Bc3 32. Ra8 Nd3 33. Rc8 Be1 34. Rh7+ Kd6 35. Rd8+ Kc6 36. Rxd5 exd5 37. Kf1 Bc3 38. Ke2 Ne5 39. Rxh5 Kb5 40. h3 Kb4 41. Nc1 gxh3 42. Na2+ 1-0

[Event "Linares Anibal op 11th"]
[Site "Linares"]
[Date "2005.03.04"]
[Round "9"]
[White "Carruana Fuentes, Rafael"]
[Black "Fernandes, Rogerio Paulo Mulle"]
[Result "0-1"]
[WhiteElo "2086"]
[BlackElo "2226"]
[PlyCount "50"]
[EventDate "2005.02.25"]
[EventType "swiss"]
[EventRounds "9"]
[EventCountry "ESP"]
[SourceTitle "CBM 105 Extra"]
[Source "ChessBase"]
[SourceDate "2005.05.01"]
[SourceVersion "1"]
[SourceVersionDate "2005.05.01"]
[SourceQuality "1"]

1. d4 Nf6 2. c4 c5 3. d5 b5 4. Nf3 g6 5. b3 Bg7 6. Bb2 bxc4 7. bxc4 0-0 8. e3 d6 9. Bd3 Nbd7 10. 0-0 Rb8 11. Qc2 Rxb2 12. Qxb2 Nxd5 13. Qe2 Nxe3 14. Nbd2 Nxf1 15. Rxf1 Ne5 16. Bb1 Nxf3+ 17. Qxf3 Be6 18. h4 Qa5 19. Ne4 Bxc4 20. Rd1 Bxa2 21. Bc2 h5 22. g4 hxg4 23. Qxg4 Be6 24. Qf3 c4 25. Ng5 Bf5 0-1

[Event "Linares Anibal op 11th"]
[Site "Linares"]
[Date "2005.03.02"]
[Round "7"]
[White "Carruana Fuentes, Rafael"]
[Black "Cruz Condori, Alfredo"]
[Result "0-1"]
[WhiteElo "2086"]
[BlackElo "2185"]
[PlyCount "106"]
[EventDate "2005.02.25"]
[EventType "swiss"]
[EventRounds "9"]
[EventCountry "ESP"]
[SourceTitle "CBM 105 Extra"]
[Source "ChessBase"]
[SourceDate "2005.05.01"]
[SourceVersion "1"]
[SourceVersionDate "2005.05.01"]
[SourceQuality "1"]

1. d4 Nf6 2. Nf3 b6 3. g3 Bb7 4. Bg2 c5 5. 0-0 cxd4 6. Nxd4 Bxg2 7. Kxg2 g6 8. Nd2 Qc8 9. N2f3 Qb7 10. Kg1 Bg7 11. c3 Na6 12. Bg5 Nc5 13. Qc1 h6 14. Bd2 Nce4 15. Qc2 Rc8 16. Rad1 Nxd2 17. Qxd2 0-0 18. e3 d6 19. Qe2 a6 20. Nh4 Rc7 21. f3 Nd7 22. e4 b5 23. a3 Nc5 24. h3 Rb8 25. Kh2 a5 26. Rd2 b4 27. axb4 axb4 28. cxb4 Qxb4 29. Nc2 Qxb2 30. Ne3 Qxd2 31. Qxd2 Rb2 32. Rf2 Rxd2 33. Rxd2 Rb7 34. Nd5 Kf8 35. Ng2 Rb3 36. Ra2 Ke8 37. Ra8+ Kd7 38. Ra7+ Nb7 39. f4 Bd4 40. Ra4 Bf2 41. Rb4 Bxg3+ 42. Kg1 Rxb4 43. Nxb4 Nc5 44. Kf1 Nxe4 45. Ke2 f5 46. Kf3 e5 47. fxe5 dxe5 48. Ne3 Kd6 49. Nd3 Bf4 50. Nxf4 Ng5+ 51. Kg3 exf4+ 52. Kxf4 Nxh3+ 53. Kf3 Ke6 0-1

[Event "Linares Anibal op 11th"]
[Site "Linares"]
[Date "2005.02.25"]
[Round "1"]
[White "Bertona, Fernando"]
[Black "Carruana Fuentes, Rafael"]
[Result "1-0"]
[WhiteElo "2437"]
[BlackElo "2086"]
[PlyCount "91"]
[EventDate "2005.02.25"]
[EventType "swiss"]
[EventRounds "9"]
[EventCountry "ESP"]
[SourceTitle "CBM 105 Extra"]
[Source "ChessBase"]
[SourceDate "2005.05.01"]
[SourceVersion "1"]
[SourceVersionDate "2005.05.01"]
[SourceQuality "1"]

1. e4 c5 2. Nf3 Nc6 3. Bb5 e6 4. Bxc6 bxc6 5. d3 d5 6. 0-0 Nf6 7. Qe2 Be7 8. c4 0-0 9. b3 a5 10. Nc3 Qc7 11. Ba3 d4 12. Na4 e5 13. Nh4 Nxe4 14. Qxe4 f5 15. Nxf5 Bxf5 16. Qe2 Bd6 17. Bxc5 Qe7 18. Bxd6 Qxd6 19. Rfe1 Rae8 20. f3 c5 21. Qd2 Qc7 22. Re2 Re7 23. Rae1 Rfe8 24. Nb2 h6 25. Nd1 Bd7 26. Nf2 a4 27. b4 cxb4 28. Qxb4 Re6 29. Rb2 Rg6 30. a3 Bc6 31. Ne4 Qd7 32. Kh1 Rf8 33. Qd2 Qf5 34. Ng3 Qf6 35. Qe2 Qh4 36. Qxe5 Bxf3 37. gxf3 Rg5 38. Qe4 Qh3 39. Qe6+ Qxe6 40. Rxe6 Rxf3 41. Rd2 h5 42. Re4 h4 43. Rxh4 Re3 44. Rxd4 Re1+ 45. Kg2 Ra1 46. Re2 1-0

[Event "Magistral Tiendas UPI 6th"]
[Site "Mancha Real"]
[Date "2003.03.23"]
[Round "4"]
[White "Valero de Dios, Juan Jose"]
[Black "Carruana Fuentes, Rafael"]
[Result "1-0"]
[WhiteElo "2055"]
[BlackElo "2055"]
[PlyCount "125"]
[EventDate "2003.03.21"]
[EventType "schev"]
[EventRounds "9"]
[EventCountry "ESP"]
[SourceTitle "CBM 093 Extra"]
[Source "ChessBase"]
[SourceDate "2003.05.09"]
[SourceVersion "1"]
[SourceVersionDate "2003.05.09"]
[SourceQuality "1"]

1. e4 c5 2. Nf3 d6 3. d4 cxd4 4. Nxd4 Nf6 5. Nc3 a6 6. Bg5 e6 7. f4 Qb6 8. Qd2 Qxb2 9. Nb3 Qa3 10. Bxf6 gxf6 11. Be2 Nc6 12. 0-0 Qb4 13. Kh1 Bd7 14. Bh5 Be7 15. a3 Qb6 16. f5 0-0 17. Qh6 Ne5 18. Rf3 Nxf3 19. gxf3 Kh8 20. Bg6 fxg6 21. fxg6 Rf7 22. gxf7 Qf2 23. Qh5 Rf8 24. Rg1 f5 25. exf5 Qh4 26. Qxh4 Bxh4 27. fxe6 Bxe6 28. Nd4 Bxf7 29. Nf5 Bf2 30. Rf1 Bc5 31. Ng3 Bxa3 32. Rb1 Rb8 33. Nce4 Bd5 34. Kg2 Rc8 35. c3 Bc5 36. Nf6 Bc6 37. Re1 Kg7 38. Nfe4 Rf8 39. Nh5+ Kg6 40. Nhg3 Re8 41. Rd1 Re6 42. h4 h5 43. Ne2 Kh6 44. Nf4 Re8 45. Ng5 Re3 46. c4 Rc3 47. Re1 Rc2+ 48. Kh1 Bf2 49. Re6+ Kg7 50. Nxh5+ Kf8 51. Rf6+ Ke7 52. Rf7+ Kd8 53. Nf6 b5 54. Ne6+ Kc8 55. Rc7+ Kb8 56. Rxc6 Rxc4 57. Nd7+ Kb7 58. Nd8+ Ka7 59. Rxd6 Bxh4 60. Nc6+ Kb7 61. Na5+ Kc7 62. Nxc4 a5 63. Ra6 1-0